000 00757nam a22001937a 4500
999 _c371951
_d371951
008 201127b ||||| |||| 00| 0 eng d
040 _aDE-2950
_bger
_cDE-2950
_erda
041 _ager
245 _aRegionale Künstler stellen aus
_bOffene Ateliers. Am Wochenende wurde die Kulturmanufaktur Gerstenberg zu einem Schaufenster für Kunst aus Frankfurt und Umgebung/
_cNicole Buhlau
264 _c2022
653 _aFrankfurt (Oder)
653 _aKulturmanufaktur
653 _aRegionale Künstler
773 _dFrankfurt (Oder) Märkisches Verlags- und Druckhaus GmbH & Co KG
_tMärkische Oderzeitung
_g33. Jahrgang (2022) Nr. 272 vom 22.11.2022, S. 16: Foto.
942 _cA